Taylor & Skinner's survey of the roads of Scotland, on an improved plan (Record no. 114508)

MARC details
000 -LEADER
fixed length control field 00709cam a22001935a 4500
001 - CONTROL NUMBER
control field L156947
008 - FIXED-LENGTH DATA ELEMENTS--GENERAL INFORMATION
fixed length control field 120731s1805 xxk f 000 0 eng d
035 ## - SYSTEM CONTROL NUMBER
System control number (Sirsi) u156947
041 0# - LANGUAGE CODE
Language code of text/sound track or separate title eng
100 1# - MAIN ENTRY--PERSONAL NAME
Personal name Taylor, George
245 00 - TITLE STATEMENT
Title Taylor & Skinner's survey of the roads of Scotland, on an improved plan
Remainder of title to which is prefixed an accurate map of Scotland, with the new roads &c. &c. since the survey was taken
260 ## - PUBLICATION, DISTRIBUTION, ETC.
Place of publication, distribution, etc. Edinburgh
Name of publisher, distributor, etc. Published by Thos. Brown
Date of publication, distribution, etc. [1805]
300 ## - PHYSICAL DESCRIPTION
Extent 177 plates, 8 p.
Other physical details ill.
Dimensions 19 cm.
583 ## - ACTION NOTE
Action Condition reviewed
Time/date of action 20120620
Status ondition level 2
651 #4 - SUBJECT ADDED ENTRY--GEOGRAPHIC NAME
Geographic name Scotland
Chronological subdivision 1707-1998
690 ## - LOCAL SUBJECT ADDED ENTRY--TOPICAL TERM (OCLC, RLIN)
Topical term or geographic name as entry element Infrastructure
9 (RLIN) 6246
700 1# - ADDED ENTRY--PERSONAL NAME
Personal name Skinner, Andrew
Dates associated with a name fl. 1778
942 ## - ADDED ENTRY ELEMENTS (KOHA)
Suppress in OPAC 0
Holdings
Withdrawn status Lost status Source of classification or shelving scheme Damaged status Not for loan Home library Current library Shelving location Date acquired Total Checkouts Full call number Barcode Date last seen Copy number Price effective from Koha item type
    Dewey Decimal Classification     Historic collection Historic collection Historic collection 31/07/2012   OCTAVO 1805 TAYLOR 30077110 06/08/2019 1 06/08/2019 Book